<?xml version="1.0" encoding="UTF-8"?>
<record
    xmlns:xsi="http://www.w3.org/2001/XMLSchema-instance"
    xsi:schemaLocation="http://www.loc.gov/MARC21/slim http://www.loc.gov/standards/marcxml/schema/MARC21slim.xsd"
    xmlns="http://www.loc.gov/MARC21/slim">

  <leader>01301mam a2200301 a 4500</leader>
  <controlfield tag="001">3365009</controlfield>
  <controlfield tag="005">20220326193303.0</controlfield>
  <controlfield tag="008">010214s2000    sp a     c    000 0 spa d</controlfield>
  <datafield tag="020" ind1=" " ind2=" ">
    <subfield code="a">8480269693</subfield>
  </datafield>
  <datafield tag="035" ind1=" " ind2=" ">
    <subfield code="a">(OCoLC)ocm46331181</subfield>
  </datafield>
  <datafield tag="040" ind1=" " ind2=" ">
    <subfield code="a">PL#</subfield>
    <subfield code="c">PL#</subfield>
    <subfield code="d">IBZ</subfield>
    <subfield code="d">CLU</subfield>
  </datafield>
  <datafield tag="043" ind1=" " ind2=" ">
    <subfield code="a">s-cl---</subfield>
  </datafield>
  <datafield tag="082" ind1=" " ind2=" ">
    <subfield code="a">708</subfield>
    <subfield code="b">M986ma</subfield>
  </datafield>
  <datafield tag="090" ind1=" " ind2=" ">
    <subfield code="a">TR646.L29</subfield>
    <subfield code="b">M37 2000</subfield>
  </datafield>
  <datafield tag="110" ind1=" " ind2=" ">
    <subfield code="a">Museo Nacional Centro de Arte Reina Sofia </subfield>
    <subfield code="9">1491</subfield>
  </datafield>
  <datafield tag="245" ind1="0" ind2="0">
    <subfield code="a">M&#xE1;s all&#xE1; del documento :</subfield>
    <subfield code="b">Museo Nacional Centro de Arte Reina Sof&#xED;a, 12/XII/00-12/II/01.</subfield>
  </datafield>
  <datafield tag="260" ind1=" " ind2=" ">
    <subfield code="a">[Spain] :</subfield>
    <subfield code="b">El Museo,</subfield>
    <subfield code="c">c2000.</subfield>
  </datafield>
  <datafield tag="300" ind1=" " ind2=" ">
    <subfield code="a">254 p. :</subfield>
    <subfield code="b">ill. (some col.) ;</subfield>
    <subfield code="c">28 cm.</subfield>
  </datafield>
  <datafield tag="500" ind1=" " ind2=" ">
    <subfield code="a">Catalog of one of five exhibitions collectively called 'Versiones del Sur'.</subfield>
  </datafield>
  <datafield tag="505" ind1=" " ind2=" ">
    <subfield code="t">Mas alla del Documento: una Introducci&#xF3;n </subfield>
    <subfield code="r">M&#xF3;nica Amor - Octavio Zaya</subfield>
    <subfield code="t">Perturbaci&#xF3;n del Archivo </subfield>
    <subfield code="r">Charles Merewether</subfield>
    <subfield code="t">Antes de ir m&#xE1;s all&#xE1;</subfield>
    <subfield code="r">Margaret Sundell</subfield>
    <subfield code="t">Marc Ferrez, algo m&#xE1;s que vistas </subfield>
    <subfield code="r">Fernando Azevedo</subfield>
  </datafield>
  <datafield tag="650" ind1=" " ind2="0">
    <subfield code="a">Photography, Artistic</subfield>
    <subfield code="v">Exhibitions.</subfield>
    <subfield code="9">1562</subfield>
  </datafield>
  <datafield tag="650" ind1=" " ind2="0">
    <subfield code="a">Photography</subfield>
    <subfield code="z">Latin America</subfield>
    <subfield code="v">Exhibitions.</subfield>
    <subfield code="9">1563</subfield>
  </datafield>
  <datafield tag="650" ind1=" " ind2="0">
    <subfield code="a">Photographers</subfield>
    <subfield code="z">Latin America</subfield>
    <subfield code="v">Exhibitions.</subfield>
    <subfield code="9">1564</subfield>
  </datafield>
  <datafield tag="653" ind1=" " ind2=" ">
    <subfield code="a">Fotograf&#xED;a</subfield>
    <subfield code="a">Am&#xE9;rica Latina</subfield>
    <subfield code="a">Exposiciones.</subfield>
  </datafield>
  <datafield tag="710" ind1="2" ind2=" ">
    <subfield code="a">Museo Nacional Centro de Arte Reina Sof&#xED;a.</subfield>
    <subfield code="9">1491</subfield>
  </datafield>
  <datafield tag="740" ind1="0" ind2=" ">
    <subfield code="a">Versiones del Sur.</subfield>
  </datafield>
  <datafield tag="999" ind1=" " ind2=" ">
    <subfield code="c">331</subfield>
    <subfield code="d">331</subfield>
  </datafield>
  <datafield tag="952" ind1=" " ind2=" ">
    <subfield code="0">0</subfield>
    <subfield code="1">0</subfield>
    <subfield code="2">ddc</subfield>
    <subfield code="4">0</subfield>
    <subfield code="7">0</subfield>
    <subfield code="a">LV</subfield>
    <subfield code="b">LV</subfield>
    <subfield code="c">Pensamiento</subfield>
    <subfield code="d">2014-11-07</subfield>
    <subfield code="l">0</subfield>
    <subfield code="o">708 M986ma</subfield>
    <subfield code="p">000356</subfield>
    <subfield code="r">2014-11-07 00:00:00</subfield>
    <subfield code="w">2014-11-07</subfield>
    <subfield code="y">01</subfield>
  </datafield>
</record>
